[Event "WchT Seniors 50"]
[Site "Struga"]
[Date "2023.09.28"]
[Round "9.3"]
[White "Lauterbach, Ingrid"]
[Black "Puroila, Sippo"]
[Result "1-0"]
[WhiteElo "2019"]
[BlackElo "1790"]
[PlyCount "157"]
[EventDate "2023.09.19"]
[EventType "team-swiss"]
[EventRounds "9"]
[EventCountry "MKD"]
[SourceTitle "EXT 2024"]
[Source "ChessBase"]
[SourceDate "2023.10.10"]
[SourceVersion "1"]
[SourceVersionDate "2023.10.10"]
[SourceQuality "1"]
[WhiteTeam "England 50 (W)"]
[BlackTeam "Finland 50"]
[WhiteTeamCountry "ENG"]
[BlackTeamCountry "FIN"]

1. e4 e6 2. d4 d5 3. Nd2 Nf6 4. e5 Nfd7 5. Ngf3 c5 6. c4 dxc4 7. Nxc4 Qc7 8. d5 exd5 9. Qxd5 Nb6 10. Qe4 Be6 11. Bf4 Qc6 12. Qc2 Nd5 13. Na5 Qb6 14. Nc4 Qc6 15. Bd2 Be7 16. Be2 Nd7 17. 0-0 h6 18. Rac1 0-0 19. Ne3 Nf4 20. Bc4 b5 21. Bxe6 Qxe6 22. Rfe1 Rac8 23. Nf5 Ng6 24. b3 Rfe8 25. Qe4 Bf8 26. Bf4 a5 27. Bg3 Nf6 28. Qc2 Nd5 29. Nd6 Bxd6 30. exd6 Qd7 31. Rxe8+ Qxe8 32. Qd2 Nf6 33. Qxa5 Qd7 34. Qd2 Ne4 35. Qd5 Nxg3 36. hxg3 Rc6 37. Rxc5 Rxd6 38. Qa8+ Kh7 39. Rc1 Rd1+ 40. Rxd1 Qxd1+ 41. Kh2 Qe2 42. Qd5 f6 43. Qd2 Qe4 44. Nd4 Qe5 45. Qd3 Qd5 46. f3 f5 47. Kg1 Kh8 48. Qe3 Kh7 49. Qd3 Kh8 50. Qc3 Kh7 51. f4 Nf8 52. Nf3 Nd7 53. Qd4 Qc6 54. Kh2 Nf6 55. Ne5 Qc2 56. b4 Qxa2 57. Qd3 Ne4 58. Qxb5 Qf2 59. Qd3 h5 60. Qf3 Qxf3 61. gxf3 Nd6 62. Kh3 Kh6 63. Kh4 Nb5 64. Nc6 g6 65. Kh3 g5 66. fxg5+ Kxg5 67. f4+ Kg6 68. Kg2 Kf6 69. Kf3 Ke6 70. Ke3 Kd5 71. Ne7+ Ke6 72. Ng6 Kd5 73. Kd3 Nd6 74. Ne7+ Ke6 75. Nc6 Kd5 76. Nd4 Ne4 77. Nxf5 Nf2+ 78. Ke2 Ng4 79. Ne3+ 1-0

[Event "WchT Seniors 50"]
[Site "Struga"]
[Date "2023.09.20"]
[Round "2.3"]
[White "Puroila, Sippo"]
[Black "Olsson, Lars"]
[Result "0-1"]
[WhiteElo "1790"]
[BlackElo "1906"]
[PlyCount "58"]
[EventDate "2023.09.19"]
[EventType "team-swiss"]
[EventRounds "9"]
[EventCountry "MKD"]
[SourceTitle "EXT 2024"]
[Source "ChessBase"]
[SourceDate "2023.10.10"]
[SourceVersion "1"]
[SourceVersionDate "2023.10.10"]
[SourceQuality "1"]
[WhiteTeam "Finland 50"]
[BlackTeam "Sweden 50"]
[WhiteTeamCountry "FIN"]
[BlackTeamCountry "SWE"]

1. c4 e5 2. Nc3 g6 3. d3 Bg7 4. g3 Ne7 5. Bg2 d6 6. e4 0-0 7. Nge2 c6 8. Be3 Be6 9. 0-0 Qd7 10. f4 f5 11. b3 Na6 12. Rc1 c5 13. Qd2 Rae8 14. Nd5 Nc6 15. a3 Nd4 16. Rb1 Bxd5 17. cxd5 Nc7 18. Nc3 Ncb5 19. Nxb5 Qxb5 20. b4 c4 21. a4 Qa6 22. dxc4 Qxc4 23. exf5 exf4 24. Bxf4 Re2 25. Qd1 Qa2 26. Bf3 Nxf3+ 27. Rxf3 Rg2+ 28. Kf1 Rxh2 29. Be3 Qg2+ 0-1

[Event "WchT Seniors 50"]
[Site "Struga"]
[Date "2023.09.19"]
[Round "1.3"]
[White "An, Yangfeng"]
[Black "Puroila, Sippo"]
[Result "1-0"]
[WhiteElo "2259"]
[BlackElo "1790"]
[PlyCount "55"]
[EventDate "2023.09.19"]
[EventType "team-swiss"]
[EventRounds "9"]
[EventCountry "MKD"]
[SourceTitle "EXT 2024"]
[Source "ChessBase"]
[SourceDate "2023.10.10"]
[SourceVersion "1"]
[SourceVersionDate "2023.10.10"]
[SourceQuality "1"]
[WhiteTeam "China Shenzhen 50 (W)"]
[BlackTeam "Finland 50"]
[WhiteTeamCountry "CHN"]
[BlackTeamCountry "FIN"]

1. Nf3 f5 2. d4 g6 3. g3 Nf6 4. Bg2 Bg7 5. c4 d6 6. Nc3 c6 7. 0-0 0-0 8. Rb1 Qc7 9. b4 e5 10. dxe5 dxe5 11. c5 Rd8 12. Qb3+ Kf8 13. e4 h6 14. Nh4 Qf7 15. exf5 Bxf5 16. Nxf5 gxf5 17. b5 e4 18. Bf4 Qxb3 19. Rxb3 Kf7 20. bxc6 bxc6 21. Rb7+ Rd7 22. Rfb1 Ke6 23. Bf1 Rxb7 24. Rxb7 Nbd7 25. Bc4+ Ke7 26. Bd6+ Ke8 27. Nb5 Rc8 28. Nc7+ 1-0

[Event "EU-chT Seniors 50"]
[Site "Walbrzych"]
[Date "2018.04.22"]
[Round "9.2"]
[White "Sirotkina, Nina"]
[Black "Puroila, Sippo"]
[Result "1/2-1/2"]
[WhiteElo "2175"]
[BlackElo "1838"]
[PlyCount "45"]
[EventDate "2018.04.14"]
[EventType "team-swiss"]
[EventRounds "9"]
[EventCountry "POL"]
[SourceTitle "CBM 184 Extra"]
[Source "ChessBase"]
[SourceDate "2018.06.28"]
[SourceVersion "1"]
[SourceVersionDate "2018.06.28"]
[SourceQuality "1"]
[WhiteTeam "Russia (Women) 50"]
[BlackTeam "Finland Cone Guard 50"]
[WhiteTeamCountry "RUS"]
[BlackTeamCountry "FIN"]

1. d4 Nf6 2. Bf4 g6 3. c3 Bg7 4. Nd2 d5 5. e3 Nbd7 6. Bd3 c5 7. h3 0-0 8. Ngf3 Re8 9. Ne5 a6 10. a4 Nxe5 11. Bxe5 b6 12. 0-0 Bb7 13. Qe2 Qd7 14. Rfd1 c4 15. Bc2 b5 16. axb5 axb5 17. e4 Qc6 18. f3 Bh6 19. exd5 Nxd5 20. Nf1 f5 21. Qe1 Bg7 22. Bxg7 Kxg7 23. Qe5+ 1/2-1/2

[Event "EU-chT Seniors 50"]
[Site "Walbrzych"]
[Date "2018.04.15"]
[Round "2.2"]
[White "Puroila, Sippo"]
[Black "Lopez de Turiso, Jose Angel"]
[Result "0-1"]
[WhiteElo "1838"]
[BlackElo "2064"]
[PlyCount "114"]
[EventDate "2018.04.14"]
[EventType "team-swiss"]
[EventRounds "9"]
[EventCountry "POL"]
[SourceTitle "CBM 184 Extra"]
[Source "ChessBase"]
[SourceDate "2018.06.28"]
[SourceVersion "1"]
[SourceVersionDate "2018.06.28"]
[SourceQuality "1"]
[WhiteTeam "Finland Cone Guard 50"]
[BlackTeam "Spain Ruy Lopez 50"]
[WhiteTeamCountry "FIN"]
[BlackTeamCountry "ESP"]

1. c4 b6 2. Nc3 Bb7 3. d4 f5 4. Bg5 g6 5. f3 Bg7 6. e4 fxe4 7. fxe4 c5 8. d5 d6 9. Nf3 Nd7 10. Bd3 Nh6 11. Qd2 Nf7 12. 0-0 Nde5 13. Nxe5 Bxe5 14. Rf3 0-0 15. Raf1 Bg7 16. Be3 Ne5 17. Rxf8+ Bxf8 18. Be2 Qd7 19. h3 Bg7 20. a4 Rf8 21. Rxf8+ Kxf8 22. Bh6 a6 23. Qf4+ Kg8 24. Bxg7 Kxg7 25. b3 Bc8 26. Nd1 Qe8 27. Ne3 Qf7 28. Qxf7+ Kxf7 29. Kf2 Kf6 30. g4 Nf7 31. h4 Ke5 32. Kf3 Kd4 33. Nf5+ gxf5 34. exf5 Ke5 35. Ke3 Nd8 36. Bd3 h6 37. Bc2 Nb7 38. Bd1 Na5 39. Kd3 h5 40. gxh5 Bxf5+ 41. Kc3 Kf6 42. Be2 Kg7 43. Bf3 Kh6 44. Be2 Bd7 45. Bf3 Be8 46. Bg4 Bxh5 47. Bc8 Bd1 48. b4 Nb3 49. Bxa6 Kh5 50. Bb5 Kxh4 51. Be8 Kg5 52. Bf7 Kf6 53. Be6 Ke5 54. Bg8 cxb4+ 55. Kxb4 Nc5 56. a5 bxa5+ 57. Kxa5 Be2 0-1

[Event "FIN-chT2 Gp1 1718"]
[Site "Finland"]
[Date "2017.09.16"]
[Round "1.4"]
[White "Puroila, Sippo"]
[Black "Blinov, Jurij"]
[Result "1/2-1/2"]
[WhiteElo "1833"]
[BlackElo "1927"]
[PlyCount "140"]
[EventDate "2017.09.16"]
[EventType "team-tourn"]
[EventRounds "7"]
[EventCountry "FIN"]
[SourceTitle "EXT 2020"]
[Source "ChessBase"]
[SourceDate "2019.10.17"]
[SourceVersion "1"]
[SourceVersionDate "2019.10.17"]
[SourceQuality "1"]
[WhiteTeam "Helsinki X"]
[BlackTeam "Helsinki HSK III"]
[WhiteTeamCountry "FIN"]
[BlackTeamCountry "FIN"]

1. c4 e5 2. Nc3 Nf6 3. e4 Nc6 4. g3 d6 5. h3 Nd4 6. Bg2 Bd7 7. Nge2 c5 8. d3 h6 9. f4 a6 10. 0-0 b5 11. a3 bxc4 12. dxc4 Rb8 13. Nxd4 cxd4 14. Nd5 Be7 15. b4 Qc8 16. Nxe7 Kxe7 17. c5 dxc5 18. fxe5 Nh7 19. bxc5 Qxc5 20. Bd2 Qb6 21. Bb4+ Ke8 22. Kh2 Be6 23. Qd2 f6 24. Bd6 Rc8 25. Rab1 Qa7 26. exf6 Nxf6 27. e5 Nd5 28. Qa5 Ne3 29. Rb7 Nxf1+ 30. Kg1 Qxb7 31. Bxb7 Rc1 32. Qa4+ Kf7 33. Qxd4 Nxg3+ 34. Kf2 Nf5 35. Qd2 Rhc8 36. Bxc8 Rxc8 37. Qb2 Rc4 38. Qb7+ Kg6 39. Qxa6 Rf4+ 40. Ke1 Re4+ 41. Kd2 Rd4+ 42. Kc3 Rh4 43. Qd3 Kf7 44. Qf3 g5 45. Kb2 Kg6 46. Bb4 Rf4 47. Qb7 Rf2+ 48. Kc3 Rh2 49. Qf3 Rc2+ 50. Kd3 Rc4 51. Qb7 Rh4 52. Qf3 h5 53. Be1 g4 54. hxg4 hxg4 55. Qf4 Rh3+ 56. Ke4 Re3+ 57. Qxe3 Nxe3 58. Kxe3 Kf5 59. Bg3 Bd5 60. a4 Ke6 61. Kf4 Kd7 62. Kxg4 Kc6 63. Kf5 Kb6 64. Be1 Ka7 65. Kf6 Ka8 66. Ke7 Bb3 67. a5 Bc4 68. Kd7 Ba2 69. Kc7 Be6 70. Bf2 Bc4 1/2-1/2

[Event "FIN-chT2 Gp3 1516"]
[Site "Finland"]
[Date "2015.10.11"]
[Round "4.3"]
[White "Puroila, Sippo"]
[Black "Nupponen, Tapio"]
[Result "1-0"]
[WhiteElo "1863"]
[BlackElo "1842"]
[PlyCount "56"]
[EventDate "2015.09.12"]
[EventType "team-tourn"]
[EventRounds "6"]
[EventCountry "FIN"]
[SourceTitle "EXT 2017"]
[Source "ChessBase"]
[SourceDate "2016.10.25"]
[SourceVersion "1"]
[SourceVersionDate "2016.10.25"]
[SourceQuality "1"]
[WhiteTeam "Helsinki X"]
[BlackTeam "Helsinki KSK II"]
[WhiteTeamCountry "FIN"]
[BlackTeamCountry "FIN"]

1. c4 e6 2. e4 c5 3. Nc3 Nc6 4. g3 g6 5. Bg2 a6 6. Nge2 Bg7 7. 0-0 Nge7 8. d3 0-0 9. Rb1 Rb8 10. Be3 Nd4 11. Na4 Qa5 12. Bxd4 cxd4 13. b4 Qd8 14. f4 d6 15. c5 dxc5 16. bxc5 Bd7 17. Nb6 Bc6 18. Qd2 f5 19. e5 Bxg2 20. Kxg2 Nd5 21. Rfc1 Nxb6 22. Rxb6 Rc8 23. Rd6 Qe7 24. Nxd4 Qf7 25. Nxe6 Rfe8 26. Nxg7 Kxg7 27. d4 Rc6 28. d5 Rxd6 1-0

[Event "FIN-chT2 Gp3 1516"]
[Site "Finland"]
[Date "2015.09.12"]
[Round "1.3"]
[White "Puroila, Sippo"]
[Black "Raitanen, Markku"]
[Result "0-1"]
[WhiteElo "1863"]
[BlackElo "1952"]
[PlyCount "98"]
[EventDate "2015.09.12"]
[EventType "team-tourn"]
[EventRounds "6"]
[EventCountry "FIN"]
[SourceTitle "EXT 2017"]
[Source "ChessBase"]
[SourceDate "2016.10.25"]
[SourceVersion "1"]
[SourceVersionDate "2016.10.25"]
[SourceQuality "1"]
[WhiteTeam "Helsinki X"]
[BlackTeam "Jyvaskyla JyS II"]
[WhiteTeamCountry "FIN"]
[BlackTeamCountry "FIN"]

1. c4 g6 2. Nc3 Bg7 3. g3 d6 4. Bg2 Nf6 5. e4 e5 6. Nge2 0-0 7. d3 c6 8. f4 Qb6 9. Na4 Qc7 10. Qc2 Nbd7 11. h3 Nb6 12. Nac3 Be6 13. 0-0 Rad8 14. g4 d5 15. f5 dxc4 16. dxc4 Bxc4 17. g5 Nh5 18. f6 Bh8 19. Be3 Bd3 20. Qb3 Nc4 21. Bc1 b5 22. Rf3 Bxe2 23. Nxe2 Nd2 24. Bxd2 Rxd2 25. Rf2 Qb6 26. Kf1 Rfd8 27. Rf3 c5 28. Rb1 c4 29. Qe3 Qxe3 30. Rxe3 b4 31. Bf3 Rd1+ 32. Rxd1 Rxd1+ 33. Kf2 Rb1 34. b3 c3 35. Nxc3 bxc3 36. Rxc3 Bxf6 37. gxf6 Rb2+ 38. Ke3 Nxf6 39. a4 Rh2 40. b4 Rxh3 41. b5 g5 42. Rc8+ Kg7 43. Kf2 g4 44. Bg2 Ra3 45. Rc4 h5 46. Rc5 h4 47. Rxe5 h3 48. Rg5+ Kh6 49. Rf5 Ra2+ 0-1

[Event "WchT Seniors 50"]
[Site "Vilnius"]
[Date "2014.07.15"]
[Round "3.9"]
[White "Muzas, Kestutis"]
[Black "Puroila, Sippo"]
[Result "1/2-1/2"]
[WhiteElo "1477"]
[BlackElo "1837"]
[PlyCount "79"]
[EventDate "2014.07.13"]
[EventType "team-swiss"]
[EventRounds "9"]
[EventCountry "LTU"]
[SourceTitle "CBM 161 Extra"]
[Source "ChessBase"]
[SourceDate "2014.08.29"]
[SourceVersion "1"]
[SourceVersionDate "2014.08.29"]
[SourceQuality "1"]
[WhiteTeam "Lithuania III"]
[BlackTeam "Finland"]
[WhiteTeamCountry "LTU"]
[BlackTeamCountry "FIN"]

1. e4 c5 2. Nf3 Nc6 3. Bb5 g6 4. 0-0 Bg7 5. c3 Qb6 6. Bxc6 Qxc6 7. Re1 e6 8. d4 d5 9. exd5 Qxd5 10. dxc5 Qxc5 11. Bg5 Nf6 12. Nbd2 0-0 13. Bxf6 Bxf6 14. Ne4 Qe7 15. Nxf6+ Qxf6 16. Qb3 b6 17. Ne5 Rd8 18. Rad1 Bb7 19. Ng4 Qg5 20. Ne3 h5 21. Qa4 a6 22. Rd7 b5 23. Qd4 Bc6 24. Rd6 Qe7 25. Rd1 Rxd6 26. Qxd6 Qxd6 27. Rxd6 Rc8 28. a3 Kf8 29. f3 Ke7 30. Rd2 a5 31. Kf2 e5 32. Nc2 Ke6 33. Ke3 f5 34. g3 Rc7 35. h4 Bd5 36. Kf2 Bb3 37. Ne1 Rc5 38. Nd3 Rc8 39. Ke3 Bc4 40. Nf2 1/2-1/2

[Event "WchT Seniors 50"]
[Site "Vilnius"]
[Date "2014.07.14"]
[Round "2.5"]
[White "Puroila, Sippo"]
[Black "Usakovas, Jevgenijus"]
[Result "0-1"]
[WhiteElo "1837"]
[BlackElo "2084"]
[PlyCount "54"]
[EventDate "2014.07.13"]
[EventType "team-swiss"]
[EventRounds "9"]
[EventCountry "LTU"]
[SourceTitle "CBM 161 Extra"]
[Source "ChessBase"]
[SourceDate "2014.08.29"]
[SourceVersion "1"]
[SourceVersionDate "2014.08.29"]
[SourceQuality "1"]
[WhiteTeam "Finland"]
[BlackTeam "Lithuania Marijampole"]
[WhiteTeamCountry "FIN"]
[BlackTeamCountry "LTU"]

1. c4 c6 2. Nc3 d5 3. d4 Nf6 4. e3 e6 5. Nf3 Nbd7 6. Bd3 dxc4 7. Bxc4 b5 8. Bd3 a6 9. 0-0 c5 10. Qe2 Bb7 11. Rd1 Qb6 12. b3 Rc8 13. Bb2 Be7 14. Rac1 0-0 15. dxc5 Nxc5 16. Bb1 b4 17. Na4 Nxa4 18. bxa4 Rfd8 19. Nd4 Qa5 20. Bc2 Qg5 21. f3 Bc5 22. f4 Qg4 23. Re1 Bb6 24. Qxg4 Nxg4 25. Bb1 Rxc1 26. Bxc1 Nxe3 27. Bxe3 Bxd4 0-1

[Event "Helsinki We EtVaS 40 Group A"]
[Site "Helsinki"]
[Date "2014.05.16"]
[Round "1"]
[White "Puroila, Sippo"]
[Black "Kunnas, Erkki"]
[Result "1-0"]
[WhiteElo "1824"]
[BlackElo "1900"]
[PlyCount "93"]
[EventDate "2014.05.16"]
[EventType "swiss"]
[EventRounds "5"]
[EventCountry "FIN"]
[SourceTitle "EXT 2022"]
[Source "ChessBase"]
[SourceDate "2021.10.06"]
[SourceVersion "1"]
[SourceVersionDate "2021.10.06"]
[SourceQuality "1"]

1. c4 Nf6 2. Nc3 g6 3. g3 Bg7 4. Bg2 0-0 5. e4 d6 6. Nge2 c5 7. d3 Nc6 8. 0-0 a6 9. f4 e6 10. h3 Bd7 11. Rb1 Rb8 12. Be3 Qa5 13. a4 Rfd8 14. g4 Nb4 15. Bf3 Bc6 16. g5 Ne8 17. Bg4 d5 18. cxd5 exd5 19. exd5 Bxd5 20. f5 Bc4 21. f6 Rxd3 22. Qc1 Bf8 23. b3 Bd5 24. Nf4 Qc7 25. Ncxd5 Rxd5 26. Nxd5 Qg3+ 27. Kh1 Nxd5 28. Bf4 Nxf4 29. Qxf4 Qxf4 30. Rxf4 Rd8 31. Rff1 Nd6 32. Rbd1 b5 33. Rd5 Rb8 34. Rfd1 Nb7 35. Rd7 c4 36. axb5 axb5 37. bxc4 b4 38. Rb1 Nc5 39. Ra7 Ne4 40. Rb2 b3 41. Ra5 Nc3 42. Bf3 Bd6 43. Ra8 Rxa8 44. Bxa8 Nd1 45. Rxb3 Nf2+ 46. Kg2 Nd1 47. Rd3 1-0

[Event "Rewal op-B 18th"]
[Site "Rewal"]
[Date "2013.08.28"]
[Round "8"]
[White "Puroila, Sippo"]
[Black "Krzysztofiak, Zdzislaw"]
[Result "0-1"]
[WhiteElo "1880"]
[BlackElo "1685"]
[PlyCount "32"]
[EventDate "2013.08.20"]
[EventType "swiss"]
[EventRounds "9"]
[EventCountry "POL"]
[SourceTitle "CBM 156 Extra"]
[Source "ChessBase"]
[SourceDate "2013.10.22"]
[SourceVersion "1"]
[SourceVersionDate "2013.10.22"]
[SourceQuality "1"]

1. e4 e5 2. c4 c5 3. Nc3 Nc6 4. d3 d6 5. g3 Nf6 6. Bg2 Be7 7. Nge2 0-0 8. 0-0 h6 9. f4 exf4 10. gxf4 Bg4 11. h3 Bh5 12. Qd2 Bxe2 13. Nxe2 Nh7 14. d4 cxd4 15. Nxd4 Qb6 16. Rd1 Bf6 0-1

[Event "Rewal op-B 18th"]
[Site "Rewal"]
[Date "2013.08.22"]
[Round "3"]
[White "Kozaczynska, Aleksandra"]
[Black "Puroila, Sippo"]
[Result "1/2-1/2"]
[WhiteElo "1584"]
[BlackElo "1880"]
[PlyCount "66"]
[EventDate "2013.08.20"]
[EventType "swiss"]
[EventRounds "9"]
[EventCountry "POL"]
[SourceTitle "CBM 156 Extra"]
[Source "ChessBase"]
[SourceDate "2013.10.22"]
[SourceVersion "1"]
[SourceVersionDate "2013.10.22"]
[SourceQuality "1"]

1. e4 Nf6 2. e5 Nd5 3. d4 d6 4. exd6 cxd6 5. Bc4 Nb6 6. Bb3 d5 7. c3 g6 8. Be3 Bg7 9. Nf3 Nc6 10. Nbd2 Na5 11. Bf4 0-0 12. 0-0 Bf5 13. Qe2 Re8 14. Rfe1 Rc8 15. Ne5 Nxb3 16. axb3 a6 17. Nd3 Bxd3 18. Qxd3 e6 19. Nf3 Nd7 20. Ne5 Nxe5 21. Bxe5 Qe7 22. Ra5 Red8 23. Qf3 Qg5 24. Bf4 Qf6 25. Qe3 Qf5 26. Qd2 Rc6 27. Raa1 Rdc8 28. Be5 Bf8 29. h3 h5 30. Rac1 Kh7 31. Rcd1 Rb6 32. b4 Rbc6 33. Qd3 Qxd3 1/2-1/2

[Event "Polanica Zdroj op-B 48th"]
[Site "Polanica Zdroj"]
[Date "2012.08.19"]
[Round "2"]
[White "Sypien, Mateusz"]
[Black "Puroila, Sippo"]
[Result "1-0"]
[WhiteElo "2272"]
[BlackElo "1868"]
[PlyCount "87"]
[EventDate "2012.08.18"]
[EventType "swiss"]
[EventRounds "9"]
[EventCountry "POL"]
[SourceTitle "EXT 2014"]
[Source "ChessBase"]
[SourceDate "2013.11.20"]
[SourceVersion "1"]
[SourceVersionDate "2013.11.20"]
[SourceQuality "1"]

1. c4 Nf6 2. Nc3 d5 3. cxd5 Nxd5 4. g3 e5 5. Bg2 c6 6. Nf3 Bd6 7. 0-0 0-0 8. d4 Nxc3 9. bxc3 exd4 10. cxd4 Re8 11. e4 Be6 12. Qc2 h6 13. Bb2 Bf8 14. Ne5 Nd7 15. Nd3 Nb6 16. Nf4 Bd7 17. Rfe1 Rc8 18. Nd3 c5 19. Nxc5 Na4 20. Qd2 Nxb2 21. Qxb2 Bc6 22. Rac1 Qa5 23. Nxb7 Bxb7 24. Qxb7 Rxc1 25. Rxc1 Qxa2 26. e5 Qd2 27. Qc6 Re6 28. Qc4 Rb6 29. Bd5 Rb4 30. Bxf7+ Kh7 31. Qc8 Rxd4 32. Qf5+ Kh8 33. Rc8 Rd8 34. Rxd8 Qxd8 35. Bb3 Qe7 36. Qg6 Qxe5 37. Qf7 Qe1+ 38. Kg2 Qe4+ 39. Kh3 Kh7 40. Qxf8 h5 41. Qg8+ Kh6 42. Qe6+ Qxe6+ 43. Bxe6 Kg5 44. Kg2 1-0

[Event "Dublin Easter e2e4 op"]
[Site "Dublin"]
[Date "2012.04.08"]
[Round "7"]
[White "Grebstad, Kjell Borre"]
[Black "Puroila, Sippo"]
[Result "1-0"]
[WhiteElo "1987"]
[BlackElo "1886"]
[PlyCount "207"]
[EventDate "2012.04.05"]
[EventType "swiss"]
[EventRounds "9"]
[EventCountry "IRL"]
[SourceTitle "CBM 147 Extra"]
[Source "ChessBase"]
[SourceDate "2012.04.24"]
[SourceVersion "1"]
[SourceVersionDate "2012.04.24"]
[SourceQuality "1"]

1. d4 Nf6 2. c4 c5 3. d5 e5 4. Nc3 d6 5. e4 Be7 6. Be2 Nbd7 7. Be3 Nf8 8. h3 Ng6 9. Qd2 a6 10. Nf3 Bd7 11. a4 b6 12. 0-0 Rb8 13. Ne1 Qc8 14. Kh2 h5 15. Nd3 h4 16. f4 exf4 17. Bxf4 Nh5 18. Bxh5 Rxh5 19. Qe2 Nxf4 20. Rxf4 g6 21. e5 dxe5 22. Nxe5 Qc7 23. Re1 Rxe5 24. Qxe5 Qxe5 25. Rxe5 Kf8 26. Ne4 f5 27. d6 Bd8 28. Nc3 Bf6 29. Re1 Re8 30. Rxe8+ Kxe8 31. Rf3 Be5+ 32. Kg1 Bxd6 33. b3 Bc6 34. Rd3 Kd7 35. Nd5 b5 36. cxb5 axb5 37. axb5 Bxb5 38. Nb6+ Ke6 39. Nc4 Bf4 40. Kf2 Bc6 41. Rd8 g5 42. Rc8 Kd7 43. Rf8 Ke6 44. Rc8 Kd7 45. Rg8 Be4 46. Rg6 Kc7 47. Rf6 Bc2 48. Ne3 Bxb3 49. Rxf5 Kd6 50. Rf8 Be6 51. Kf3 Bd5+ 52. Nxd5 Kxd5 53. Rd8+ Kc4 54. Ke4 Bc1 55. Rc8 Bf4 56. Rc6 Bc1 57. Ra6 Bf4 58. Rc6 Bc1 59. Kf3 Bf4 60. Ke2 Kd4 61. Kd1 Kc4 62. Kc2 Be3 63. Rd6 Bf4 64. Rd3 Be5 65. Ra3 Bd4 66. g3 Bf2 67. gxh4 gxh4 68. Ra4+ Kd5 69. Kd3 Bg3 70. Rg4 Ke6 71. Ke4 Bf2 72. Rg6+ Kf7 73. Rc6 Ke7 74. Kd5 Kf7 75. Ke5 Bd4+ 76. Kf5 Ke7 77. Rh6 Bf2 78. Ke5 Bd4+ 79. Kd5 Bf2 80. Ra6 Bd4 81. Re6+ Kf7 82. Re4 Kg6 83. Ke6 Kg5 84. Rg4+ Kh5 85. Kf5 Bb2 86. Rg8 Kh6 87. Kg4 c4 88. Kxh4 Bf6+ 89. Kg4 c3 90. Rc8 Kh7 91. Rc6 Be5 92. Kg5 Bd4 93. Rc7+ Kg8 94. Kg6 Kf8 95. h4 Ke8 96. Rc4 Bf2 97. h5 Bc5 98. Rxc5 c2 99. Rxc2 Ke7 100. h6 Ke8 101. h7 Ke7 102. h8Q Kd7 103. Qd4+ Ke8 104. Re2+ 1-0